00520nam a2200157 a 450000100100000000500170001000800410002704000250006808200150009324500520010826000380016030000250019804900090022395201130023299900170034500002995120200930055932.0110427s2008 dr ac 000 0 spa d aDO-SdBNPbspacBNPHU axxxxbC96500aCuerpo especilizado en seguridad aeroportuaria. aSanto Domingo :bNomara,c[2008]. a15 p. :bil., retrs. aBNPD 0010718PDaPDbPDcCTd2011-04-27iLF1l0oxxxx C965p29951-10r2020-06-25w2020-06-25yLFPDZNo se presta c29443d29443